[Event "5th Karl Wagner mem (B)"]
[Site "Graz"]
[Date "1998.07.09"]
[Round "2.14"]
[White "Gossmann, Ewald"]
[Black "Krassnitzer, Otto"]
[Result "1-0"]
[WhiteElo "1830"]
[BlackElo "1933"]
[PlyCount "111"]
[EventDate "1998.07.08"]

{2/(14)} 1. d4 g6 2. c4 Bg7 3. Nc3 f5 4. g3 Nf6 5. Bg2 O-O 6. Nf3 d6 7. O-O
Nbd7 8. d5 Nb6 9. Qd3 e5 10. dxe6 Bxe6 11. b3 Ne4 12. Nd4 Nxc3 13. Nxe6 Qe7 14.
Nxg7 Nxe2+ 15. Kh1 Qxg7 16. Be3 16... f4 { } 17. Bxb6 Rae8 18. Rae1 Nxg3+ 19.
fxg3 axb6 20. Bxb7 Re5 21. Rxe5 dxe5 22. Bd5+ Kh8 23. Qe4 g5 24. b4 h5 25. a4
h4 26. g4 Qf6 27. a5 bxa5 28. bxa5 Rb8 29. Bb7 Re8 30. Bc6 Re6 31. a6 Rxc6 32.
a7 Ra6 33. a8=Q+ Rxa8 34. Qxa8+ Kg7 35. Qc8 Qc6+ 36. Kg1 h3 37. Rf2 Qxc4 38.
Qd7+ Kh6 39. Rf3 Qc1+ 40. Kf2 Qc5+ 41. Ke2 Qc4+ 42. Qd3 Qa2+ 43. Ke1 Qa1+ 44.
Qd1 Qa5+ 45. Kf1 Qb5+ 46. Kg1 Qc5+ 47. Kh1 Qc6 48. Qf1 Kg7 49. Qxh3 e4 50. Rf1
e3+ 51. Kg1 e2 52. Re1 f3 53. Qg3 Qc5+ 54. Qf2 Qc3 55. h3 Kf7 56. Rxe2 1-0

[Event "5th Karl Wagner mem (B)"]
[Site "Graz"]
[Date "1998.07.09"]
[Round "2.15"]
[White "Brunner, Gerhard"]
[Black "Jahrer, Michael"]
[Result "0-1"]
[WhiteElo "1794"]
[BlackElo "1928"]
[PlyCount "96"]
[EventDate "1998.07.08"]

{2/(15)} 1. e4 c6 2. d4 d5 3. Nc3 dxe4 4. Nxe4 Nd7 5. Ng5 Ngf6 6. Bd3 e6 7. Qe2
h6 8. Nxe6 fxe6 9. Bg6+ Ke7 10. Nf3 Qc7 11. O-O b5 12. g3 Nd5 13. b3 b4 14. a3
bxa3 15. c4 N5f6 16. Re1 Kd8 17. Bf4 Bd6 18. Qxe6 18... Ne5 { } 19. Qxd6+ Qxd6
20. dxe5 Qc5 21. exf6 gxf6 22. Rad1+ Bd7 23. Bd6 Qb6 24. Bf5 Bxf5 25. Bc5+ Kc8
26. Bxb6 axb6 27. Nd4 Bd7 28. Ra1 b5 29. cxb5 cxb5 30. b4 Ra4 31. Reb1 Kb7 32.
Ra2 Rha8 33. f4 Be8 34. Nf5 Bg6 35. g4 Bxf5 36. gxf5 Rc8 37. Kf2 Rc3 38. Re2
Kc6 39. Re6+ Kd5 40. Ke2 a2 41. Rd1+ Kc4 42. Ra1 Kb3 43. Kd2 Kb2 44. Ree1 Raa3
45. Rg1 Rc2+ 46. Kd1 Rxh2 47. Rf1 Kxa1 48. Kc1 Rb3 0-1

[Event "5th Karl Wagner mem (B)"]
[Site "Graz"]
[Date "1998.07.10"]
[Round "3.1"]
[White "Antic, Dragan"]
[Black "Radl, Guenther"]
[Result "0-1"]
[WhiteElo "1941"]
[BlackElo "1995"]
[PlyCount "48"]
[EventDate "1998.07.08"]

{3/(1)} 1. e4 c5 2. c3 d5 3. exd5 Qxd5 4. d4 Nc6 5. Nf3 Nf6 6. Na3 Bg4 7. Be2
cxd4 8. Nb5 O-O-O 9. Nbxd4 e5 10. Nxc6 Qxc6 11. Qc2 Bc5 12. O-O Rhe8 13. a4 e4
14. Ng5 Qd5 15. Bxg4+ Nxg4 16. b4 Bd6 17. g3 e3 18. Nh3 e2 19. Re1 Qf3 20. Ra2
Bc7 21. Bf4 Rd1 22. Ra1 Rxa1 23. Qf5+ Re6 24. Rxa1 { } 24... Bb6 0-1

[Event "5th Karl Wagner mem (B)"]
[Site "Graz"]
[Date "1998.07.10"]
[Round "3.2"]
[White "Jahrer, Michael"]
[Black "Steinert, Martin"]
[Result "1/2-1/2"]
[WhiteElo "1928"]
[BlackElo "1990"]
[PlyCount "120"]
[EventDate "1998.07.08"]

{3/(2)} 1. d4 d5 2. c4 e6 3. Nc3 Nf6 4. Bg5 Nbd7 5. e3 c6 6. Nf3 Bd6 7. Rc1 O-O
8. Bd3 dxc4 9. Bxc4 e5 10. O-O exd4 11. exd4 Qa5 12. Bb3 h6 13. Bh4 Qh5 14. Qd3
Rd8 15. Rfe1 Bf4 16. Rcd1 Nc5 17. Qc2 Nxb3 18. Qxb3 Qg6 19. Ne5 Qh5 20. Bg3
Bxg3 21. hxg3 Ng4 22. Nxg4 Bxg4 23. f3 Be6 24. Qxb7 Rab8 25. Qxc6 Rxb2 26. Re5
Qg6 27. Re2 Rxe2 28. Nxe2 Bxa2 29. Qxg6 fxg6 30. Nc3 Bd5 31. Ra1 Rd7 32. Ra5
Bc4 33. d5 a6 34. Kf2 Rb7 35. Ke3 Rb2 36. d6 Kf7 37. Re5 Be6 38. Ne4 Rb3+ 39.
Kd4 Rb4+ 40. Kd3 Rb3+ 41. Kc2 Rb6 42. g4 Bb3+ 43. Kc3 Be6 44. Rc5 Bd7 45. Rc7 {
} 45... Rc6+ 46. Rxc6 Bxc6 47. Kc4 Ke6 48. Kc5 Bb7 49. Nc3 Kd7 50. Ne4 a5 51.
Nd2 a4 52. Nc4 Kd8 53. Kb4 Bc6 54. Ne5 Be8 55. f4 Bd7 56. g5 Be8 57. g3 h5 58.
Ka3 Kc8 59. Kb4 Kd8 60. Kc3 Kc8 1/2-1/2

[Event "5th Karl Wagner mem (B)"]
[Site "Graz"]
[Date "1998.07.10"]
[Round "3.3"]
[White "Huber, Adolf"]
[Black "Schriebl, Alexander"]
[Result "1-0"]
[WhiteElo "1981"]
[BlackElo "1922"]
[PlyCount "111"]
[EventDate "1998.07.08"]

{3/(3)} 1. e4 d5 2. exd5 Nf6 3. d4 Nxd5 4. c4 Nb6 5. Be3 g6 6. Nc3 Bg7 7. Nf3
O-O 8. Be2 Nc6 9. d5 Ne5 10. Nxe5 Bxe5 11. Bd4 Bxd4 12. Qxd4 c6 13. O-O Bf5 14.
Rad1 cxd5 15. c5 e5 16. Qb4 Qe7 17. Nxd5 Nxd5 18. Rxd5 Rfc8 19. g4 { } 19...
Qh4 20. Rxe5 Re8 21. Re3 Rxe3 22. fxe3 Re8 23. Qf4 Be6 24. g5 Qxf4 25. exf4
Bxa2 26. Bf3 Be6 27. Bxb7 Rb8 28. c6 Bc8 29. Bxc8 Rxc8 30. Rc1 Kf8 31. Kf2 Ke7
32. Ra1 Rc7 33. Ke3 Kd6 34. Kd4 Re7 35. Ra6 Re2 36. c7+ Kxc7 37. Rxa7+ Kc6 38.
Rxf7 Rxh2 39. Ke5 Kc5 40. Kf6 Kd5 41. Kg7 Ke4 42. b4 Kd5 43. Rf6 Kc4 44. Rb6
Rh4 45. b5 Kc5 46. Rb7 Rh1 47. Rb8 Rh4 48. Rh8 Kxb5 49. Rxh7 Rxf4 50. Kxg6 Kc6
51. Kg7 Kd7 52. g6 Ke6 53. Rh2 Kf5 54. Kh7 Kg5 55. g7 Rf7 56. Kh8 1-0

[Event "5th Karl Wagner mem (B)"]
[Site "Graz"]
[Date "1998.07.10"]
[Round "3.4"]
[White "Kerschenbauer, Franz"]
[Black "Egger, Philipp"]
[Result "0-1"]
[WhiteElo "1915"]
[BlackElo "1973"]
[PlyCount "73"]
[EventDate "1998.07.08"]

{3/(4)} 1. e4 c5 2. Nf3 d6 3. b3 Nc6 4. Bb2 Bd7 5. g3 Nf6 6. d3 g6 7. Bg2 Bg7
8. Nbd2 O-O 9. O-O Qc8 10. Rb1 Bh3 11. Nc4 Bxg2 12. Kxg2 b5 13. Ne3 a5 14. Qe2
Qb7 15. Kg1 a4 16. e5 dxe5 17. bxa4 Rxa4 18. Bxe5 Nxe5 19. Nxe5 Qa6 20. f4 Rxa2
21. g4 e6 22. g5 Nh5 23. N3g4 Qa4 24. Nh6+ Bxh6 25. gxh6 Rxc2 26. Qf3 Ra2 27.
Nc6 Re8 28. Rbc1 Qa3 29. Rce1 Qb2 30. Qh3 Nf6 31. f5 exf5 32. Rxe8+ Nxe8 33.
Ne7+ 33... Kf8 { } 34. Nxg6+ fxg6 35. Rxf5+ gxf5 36. Qxf5+ Qf6 37. Qxc5+ 0-1

[Event "5th Karl Wagner mem (B)"]
[Site "Graz"]
[Date "1998.07.10"]
[Round "3.5"]
[White "Roerig, Gerhard"]
[Black "Maric, Iwan"]
[Result "1-0"]
[WhiteElo "1881"]
[BlackElo "1963"]
[PlyCount "191"]
[EventDate "1998.07.08"]

{3/(5)} 1. Nf3 d5 2. g3 Bf5 3. d3 e6 4. Bg2 c6 5. O-O Bd6 6. Nbd2 Nf6 7. c4 O-O
8. b3 Nbd7 9. Bb2 Qa5 10. Nh4 Bg6 11. Nxg6 fxg6 12. a3 Rae8 13. b4 Qd8 14. c5
Bb8 15. Qb3 Kh8 16. Rad1 Rf7 17. Nf3 h6 18. Qc2 e5 19. e4 d4 20. Qb3 Qe7 21.
Nh4 Nf8 22. Nf3 g5 23. Nd2 Ne6 24. h3 Kh7 25. Bc1 Ref8 26. Nc4 Bc7 27. Qc2 g6
28. f3 h5 29. Rf2 h4 30. g4 Nd7 31. Rdf1 Ra8 32. Bd2 Ndf8 33. Kh2 Nf4 34. Bxf4
Rxf4 35. Qd2 Ne6 36. Rc1 Rf6 37. a4 Kh6 38. a5 Nf4 39. Bf1 Raf8 40. Be2 R8f7
41. Rcf1 Qd8 42. Bd1 Rf8 43. Bc2 b5 44. Nb2 a6 45. Bb3 Bb8 46. Ba2 Qc7 47. Bb3
Rd8 48. Ba2 Rff8 49. Bb3 { } 49... Nd5 50. Bxd5 cxd5 51. Kg2 Rf6 52. Nd1 Qc6
53. Nb2 Rdf8 54. Qc2 Bc7 55. Nd1 Rc8 56. Qa2 Rd8 57. Qd2 Bxa5 58. bxa5 Qxc5 59.
Qc2 Rc6 60. Qb3 Kg7 61. Ra2 Qf8 62. Kg1 Qf4 63. Rg2 Qf7 64. Qa2 Rd7 65. exd5
Qxd5 66. Qd2 Kh6 67. Qb4 Qd6 68. Qb3 Kg7 69. Nf2 Rc3 70. Qd1 Qa3 71. Qd2 Qxa5
72. Qxg5 b4 73. Ne4 Rc6 74. Qxh4 Qd8 75. g5 Qh8 76. Qg3 Re7 77. Rb2 a5 78. Ra1
Qc8 79. Rxa5 Rc1+ 80. Kg2 Rc2+ 81. Rxc2 Qxc2+ 82. Nf2 b3 83. Qh4 Rc7 84. Qh6+
Kf7 85. Qh7+ Ke6 86. Qxg6+ Kd7 87. Qf7+ Kd6 88. Qd5+ Ke7 89. Qxe5+ Kd7 90.
Qxd4+ Kc8 91. Ra8+ Kb7 92. Qa7+ Kc6 93. Qa4+ Kd6 94. Rd8+ Kc5 95. d4+ Kb6 96.
Rb8+ 1-0

[Event "5th Karl Wagner mem (B)"]
[Site "Graz"]
[Date "1998.07.10"]
[Round "3.7"]
[White "Hatzl, Johannes"]
[Black "Kogler, Norbert"]
[Result "1-0"]
[WhiteElo "1869"]
[BlackElo "1949"]
[PlyCount "63"]
[EventDate "1998.07.08"]

{3/(7)} 1. e4 c6 2. d4 d5 3. Nc3 dxe4 4. Nxe4 Nd7 5. Bd3 Ngf6 6. Ng5 e6 7. Qe2
Be7 8. N1f3 O-O 9. Bd2 Nb6 10. h4 h6 11. Ne4 Nxe4 12. Qxe4 f5 13. Qe2 Bf6 14.
O-O-O a5 15. c3 Nd5 16. Ne5 Qc7 17. g4 Bxe5 18. dxe5 Qf7 19. g5 19... h5 { }
20. g6 Qxg6 21. Rhg1 Qh7 22. Rg5 g6 23. Rdg1 Kf7 24. Rxg6 Qxg6 25. Rxg6 Kxg6
26. Qf3 Ne7 27. Be2 Rh8 28. Qg3+ Kf7 29. Qg5 Ke8 30. Qg7 Rg8 31. Bxh5+ Kd7 32.
Qf7 1-0

[Event "5th Karl Wagner mem (B)"]
[Site "Graz"]
[Date "1998.07.10"]
[Round "3.8"]
[White "Jud, Karl-Heinz"]
[Black "Wagner, Stefan"]
[Result "0-1"]
[WhiteElo "1943"]
[BlackElo "1759"]
[PlyCount "52"]
[EventDate "1998.07.08"]

{3/(8)} 1. b3 d5 2. e3 e5 3. Bb2 Bd6 4. h3 Nf6 5. c4 c6 6. Qc2 Be6 7. d3 Nbd7
8. Nf3 h6 9. Nc3 Rc8 10. a3 O-O 11. Qd2 Re8 12. Be2 Nc5 13. Qc2 e4 14. dxe4
Ncxe4 15. Nd4 Bd7 16. Bd3 Nxc3 17. Bxc3 Ne4 18. Nf3 f5 19. Bxe4 fxe4 20. Nd2
Qg5 21. Ke2 b5 22. cxb5 c5 23. a4 { } 23... d4 24. exd4 cxd4 25. Kd1 Rxc3 26.
Nxe4 Qh5+ 0-1

[Event "5th Karl Wagner mem (B)"]
[Site "Graz"]
[Date "1998.07.10"]
[Round "3.9"]
[White "Enoeckl, Philipp"]
[Black "Rass, Ewald"]
[Result "1/2-1/2"]
[WhiteElo "1995"]
[BlackElo "1867"]
[PlyCount "37"]
[EventDate "1998.07.08"]

{3/(9)} 1. d4 Nf6 2. c4 e6 3. Nc3 Bb4 4. e3 b6 5. Be2 Bb7 6. Bf3 Ne4 7. Qb3
Bxc3+ 8. bxc3 O-O 9. Ba3 d6 10. Ne2 Nd7 11. Rd1 Qh4 12. Ng3 f5 13. c5 Rae8 14.
cxd6 cxd6 15. O-O Qe7 16. c4 Rf6 17. Be2 Kh8 18. Nh5 Rh6 19. f3 1/2-1/2

[Event "5th Karl Wagner mem (B)"]
[Site "Graz"]
[Date "1998.07.10"]
[Round "3.10"]
[White "Koeck, Franz"]
[Black "Zeindl, Stefan"]
[Result "1/2-1/2"]
[WhiteElo "1907"]
[BlackElo "1979"]
[PlyCount "25"]
[EventDate "1998.07.08"]

{3/(10)} 1. e4 e6 2. d4 d5 3. exd5 exd5 4. Bd3 Bd6 5. Nf3 Nf6 6. Bg5 O-O 7. O-O
h6 8. Bh4 c6 9. c3 Bg4 10. Nbd2 Nbd7 11. Qc2 Qc7 12. Rfe1 Rfe8 13. Bf5 1/2-1/2

[Event "5th Karl Wagner mem (B)"]
[Site "Graz"]
[Date "1998.07.10"]
[Round "3.11"]
[White "Kleinsasser, Franz"]
[Black "Bachler, Wilhelm"]
[Result "1/2-1/2"]
[WhiteElo "1938"]
[BlackElo "1932"]
[PlyCount "102"]
[EventDate "1998.07.08"]

{3/(11)} 1. d4 e6 2. Nf3 Nf6 3. c4 b6 4. g3 Bb7 5. Bg2 Bb4+ 6. Nc3 O-O 7. O-O
Ne4 8. Nxe4 Bxe4 9. Bf4 Be7 10. h4 d6 11. Qb3 Nd7 12. Rfd1 Rb8 13. Rac1 Nf6 14.
Qe3 Bg6 15. Bg5 h6 16. Bxf6 Bxf6 17. Qf4 Qe7 18. e4 { } 18... e5 19. Qe3 Bh5
20. dxe5 Bxe5 21. Nxe5 dxe5 22. f3 f6 23. Rd2 Rbd8 24. Rcd1 c5 25. Rxd8 Rxd8
26. Rxd8+ Qxd8 27. Bf1 Qd1 28. g4 Bf7 29. Qe2 Qd4+ 30. Kg2 Kf8 31. b3 Ke7 32.
Qd3 Be8 33. Qxd4 cxd4 34. b4 Kd6 35. Kf2 Ba4 36. Ke1 Bd7 37. h5 Be8 38. Kd2 g6
39. hxg6 Bxg6 40. Bh3 Bf7 41. Bf1 Kc7 42. a3 Kd6 43. Kc2 h5 44. gxh5 Bxh5 45.
Be2 Ke6 46. Kd2 Kd6 47. Ke1 Bg6 48. Kd2 f5 49. Bd3 fxe4 50. Bxe4 Be8 51. Bb7
Bg6 1/2-1/2

[Event "5th Karl Wagner mem (B)"]
[Site "Graz"]
[Date "1998.07.10"]
[Round "3.12"]
[White "Schuetz, Christian"]
[Black "Meixner, Helmut"]
[Result "1/2-1/2"]
[WhiteElo "1882"]
[BlackElo "1839"]
[PlyCount "82"]
[EventDate "1998.07.08"]

{3/(12)} 1. e4 e5 2. Nf3 Nf6 3. d3 d6 4. g3 Nc6 5. Bg2 g6 6. O-O Bg7 7. Nbd2
O-O 8. c3 Ne8 9. Nc4 f5 10. Qb3 Kh8 11. Ne3 fxe4 12. dxe4 Nf6 13. Qc2 Ne7 14.
Bd2 Bd7 15. c4 Qc8 16. Nd5 Neg8 17. Rac1 c6 18. Ne3 Ng4 19. c5 Nxe3 20. fxe3
dxc5 21. Qxc5 Qc7 22. Bc3 b6 23. Qc4 h6 24. Nh4 Kh7 25. Rf7 Rxf7 26. Qxf7 Qd6
27. Bxe5 Qxe5 28. Qxd7 Qg5 29. Re1 Rd8 30. Qxc6 Bxb2 31. Qc7+ Qe7 32. Qc2 Bg7
33. e5 Qe6 34. Bf1 Ne7 35. Bc4 Qxe5 36. Bf7 Rd6 37. Qc7 { } 37... Rd1 38. Qxe5
Rxe1+ 39. Kf2 Bxe5 40. Kxe1 Kg7 41. Bc4 Kf6 1/2-1/2

[Event "5th Karl Wagner mem (B)"]
[Site "Graz"]
[Date "1998.07.10"]
[Round "3.13"]
[White "Hoegenwarth, Helmut"]
[Black "Koerver, Erich"]
[Result "1-0"]
[WhiteElo "1990"]
[BlackElo "1796"]
[PlyCount "159"]
[EventDate "1998.07.08"]

{3/(13)} 1. d4 d5 2. c4 e6 3. Nf3 c6 4. e3 Nf6 5. Nc3 Bb4 6. Bd3 Qa5 7. Qc2
dxc4 8. Bxc4 Qh5 9. O-O Nbd7 10. e4 e5 11. Be2 exd4 12. Nxd4 Qe5 13. Nf3 Qe7
14. Bd3 Ne5 15. Be2 Nfg4 16. Nxe5 Qxe5 17. Bxg4 Bxg4 18. Be3 Bxc3 19. bxc3 O-O
20. f3 Be6 21. Rfd1 b6 22. Rd2 Qc7 23. Rad1 Rfd8 24. Bg5 Rxd2 25. Qxd2 Re8 26.
a3 f6 27. Bf4 Qc8 28. Qd6 Kf7 29. Qd2 Re7 30. Bd6 Rd7 31. Qf4 Qa6 32. Qe3 Qb5
33. f4 Bg4 34. Rd2 Qb1+ 35. Kf2 Be6 36. h3 Bc4 37. Kg3 Qc1 38. e5 Be6 39. Kf2
f5 40. Qd3 g6 41. Kg3 Qe1+ 42. Kh2 h5 43. Re2 Qf1 44. Qe3 h4 45. Rf2 Qc4 46. g3
Qe4 47. Qxe4 hxg3+ 48. Kxg3 fxe4 49. Re2 Bf5 50. h4 Ke6 51. c4 Rf7 52. Rh2 Rh7
53. Re2 a6 54. a4 b5 55. axb5 axb5 56. cxb5 cxb5 57. Rc2 Rb7 58. Bb4 Kf7 59.
Rc6 Be6 60. Kf2 Bc4 61. Ke3 Be6 62. Kxe4 Bf5+ 63. Ke3 Rd7 64. h5 Rd3+ 65. Ke2
Rh3 66. Rf6+ 66... Kg7 { } 67. Bf8+ Kg8 68. hxg6 Bxg6 69. Rxg6+ Kxf8 70. Rb6
Rb3 71. Kd2 Rf3 72. Rf6+ Ke7 73. Ke2 Rb3 74. Rd6 Rh3 75. Rb6 Rb3 76. f5 b4 77.
f6+ Kf7 78. Rb7+ Ke6 79. Re7+ Kd5 80. f7 1-0

[Event "5th Karl Wagner mem (B)"]
[Site "Graz"]
[Date "1998.07.10"]
[Round "3.14"]
[White "Koelldorfer, Franz"]
[Black "Brunner, Gerhard"]
[Result "0-1"]
[WhiteElo "1971"]
[BlackElo "1794"]
[PlyCount "130"]
[EventDate "1998.07.08"]

{3/(14)} 1. d4 Nf6 2. Nf3 g6 3. Bg5 Bg7 4. Nbd2 d5 5. e3 O-O 6. Bd3 Nbd7 7. O-O
c5 8. c3 c4 9. Bc2 b5 10. e4 dxe4 11. Nxe4 Bb7 12. Re1 Nxe4 13. Bxe4 Bxe4 14.
Rxe4 Nf6 15. Re2 Nd5 16. Qd2 Qd6 17. Rae1 e6 18. Bh6 Rfe8 19. Bxg7 Kxg7 20. Ne5
Re7 21. g3 h6 22. h4 f6 23. Ng4 Rh8 24. Kg2 h5 25. Nh2 Qc6 26. f3 Qa6 27. a3
Qc6 28. Kf2 Qb6 29. f4 Qc6 30. Nf3 Kf7 31. Qc2 Rhe8 32. Nd2 Qc7 33. Qe4 Qb7 34.
Qg2 Nb6 35. Ne4 Qd5 36. Qh3 Nc8 37. Qg2 Nd6 38. Nc5 Qxg2+ 39. Kxg2 Nb7 40. Na6
Rd8 41. Nb4 Rd6 42. d5 Nc5 43. Nc6 Red7 44. dxe6+ Nxe6 45. Nb4 Rd2 46. Kf3 Rxe2
47. Rxe2 Nc5 48. Nc6 Rc7 49. Nd8+ Kf8 50. Ne6+ Nxe6 51. Rxe6 Kf7 52. Ra6 Rd7
53. f5 g5 54. hxg5 fxg5 55. Ke4 Re7+ 56. Kd4 Re2 57. a4 bxa4 58. Kxc4 Rxb2 59.
Rxa4 Rg2 60. Kd4 Rxg3 61. c4 Kf6 62. Ra5 h4 63. c5 h3 64. Rxa7 h2 65. Rh7 { }
65... Rg4+ 0-1

[Event "5th Karl Wagner mem (B)"]
[Site "Graz"]
[Date "1998.07.10"]
[Round "3.15"]
[White "Mallner, Wilhelm"]
[Black "Schmaranzer, Alfred"]
[Result "1/2-1/2"]
[WhiteElo "1791"]
[BlackElo "1966"]
[PlyCount "122"]
[EventDate "1998.07.08"]

{3/(15)} 1. Nf3 d5 2. c4 e6 3. g3 Nf6 4. Bg2 c5 5. cxd5 exd5 6. d4 Nc6 7. O-O
Be7 8. Nc3 O-O 9. Bf4 a6 10. Rc1 c4 11. Ne5 Bf5 12. Re1 Bb4 13. Bg5 Bxc3 14.
bxc3 Ne7 15. Bxf6 gxf6 16. Nf3 Be4 17. Nd2 Bxg2 18. Kxg2 f5 19. Qc2 b5 20. Rb1
Qd7 21. Nf3 Ng6 22. Qd2 f6 23. Rb2 Rab8 24. Reb1 Rb6 25. h4 Kh8 26. h5 Ne7 27.
Qh6 Rg8 28. a4 Rgb8 29. axb5 axb5 30. Nh4 Qe8 31. Rh1 Kg8 32. Ra1 Nc8 33. Kg1
Qd7 34. Rba2 Qe6 35. Ra8 b4 36. cxb4 Rxb4 37. Rxb8 Rxb8 38. Qf4 Nd6 39. Ra6
Rb1+ 40. Kh2 Qe4 41. Ng2 Ne8 42. Ra8 Qe6 43. h6 Rb7 44. Ne3 Rd7 45. Nxf5 45...
Qxe2 { } 46. Ng7 Rxg7 47. hxg7 Kxg7 48. Qf5 Nd6 49. Ra7+ Nf7 50. Ra3 Nh6 51.
Ra7+ Nf7 52. Ra6 Qe7 53. Qxd5 Ng5 54. Qxc4 Nf3+ 55. Kg2 Nxd4 56. Qd5 Nf5 57.
Ra8 Nh6 58. Rd8 Nf7 59. Rd7 Qe8 60. Qb7 Qe6 61. Re7 Qa2 1/2-1/2

[Event "5th Karl Wagner mem (B)"]
[Site "Graz"]
[Date "1998.07.11"]
[Round "4.1"]
[White "Radl, Guenther"]
[Black "Roerig, Gerhard"]
[Result "1/2-1/2"]
[WhiteElo "1995"]
[BlackElo "1881"]
[PlyCount "41"]
[EventDate "1998.07.08"]

{4/(1)} 1. d4 Nf6 2. c4 g6 3. Nc3 d5 4. cxd5 Nxd5 5. e4 Nxc3 6. bxc3 Bg7 7. Nf3
O-O 8. Rb1 c5 9. Be2 Nc6 10. d5 Ne5 11. Nxe5 Bxe5 12. Qc2 Qc7 13. g3 e6 14.
dxe6 Bxe6 15. O-O Qa5 16. c4 Qc7 17. Be3 f5 18. f4 Bg7 19. e5 Rad8 20. Bf3 b6
21. Rfd1 1/2-1/2

[Event "5th Karl Wagner mem (B)"]
[Site "Graz"]
[Date "1998.07.11"]
[Round "4.2"]
[White "Wagner, Stefan"]
[Black "Huber, Adolf"]
[Result "1-0"]
[WhiteElo "1759"]
[BlackElo "1981"]
[PlyCount "57"]
[EventDate "1998.07.08"]

{4/(2)} 1. c4 Nf6 2. Nc3 e5 3. g3 c6 4. d4 exd4 5. Qxd4 Na6 6. Bg2 Bc5 7. Qd1
O-O 8. e3 Nc7 9. Nge2 d5 10. cxd5 cxd5 11. O-O b5 12. Qc2 Qe7 13. Nd4 b4 14.
Na4 Bxd4 15. exd4 Ba6 16. Rd1 Ne6 17. Be3 Rac8 18. Qf5 Qd7 19. b3 Bb5 20. g4
Be2 21. Rd2 Bxg4 22. Qe5 Rfe8 23. Qg3 Bf5 24. Nc5 Qd8 25. Nb7 {} 25... Qc7 26.
Qxc7 Rxc7 27. Nd6 Bg6 28. Nxe8 Nxe8 29. Bxd5 1-0

[Event "5th Karl Wagner mem (B)"]
[Site "Graz"]
[Date "1998.07.11"]
[Round "4.3"]
[White "Egger, Philipp"]
[Black "Hatzl, Johannes"]
[Result "1/2-1/2"]
[WhiteElo "1973"]
[BlackElo "1869"]
[PlyCount "46"]
[EventDate "1998.07.08"]

{4/(3)} 1. d4 Nf6 2. c4 c5 3. d5 b5 4. cxb5 a6 5. f3 d6 6. e4 Bd7 7. Nc3 axb5
8. Nxb5 Na6 9. Bc4 g6 10. Ne2 Bg7 11. O-O O-O 12. Nec3 Ne8 13. Be3 Nec7 14.
Nxc7 Qxc7 15. Rf2 Rfb8 16. Rc1 Qc8 17. a3 Nc7 18. Qd3 Qe8 19. Rfc2 Nb5 20. Nxb5
Bxb5 21. Kf1 Bxc4 22. Qxc4 Ra4 23. Qe2 Rb3 1/2-1/2

[Event "5th Karl Wagner mem (B)"]
[Site "Graz"]
[Date "1998.07.11"]
[Round "4.4"]
[White "Steinert, Martin"]
[Black "Gossmann, Ewald"]
[Result "1-0"]
[WhiteElo "1990"]
[BlackElo "1830"]
[PlyCount "25"]
[EventDate "1998.07.08"]

{4/(4)} 1. d4 Nf6 2. Nf3 d5 3. c4 c6 4. Nc3 e6 5. e3 Nbd7 6. Bd3 dxc4 7. Bxc4
b5 8. Bd3 a6 9. e4 Bb7 10. O-O c5 11. e5 cxd4 12. Nxb5 Bxf3 13. Qxf3 {} 1-0

[Event "5th Karl Wagner mem (B)"]
[Site "Graz"]
[Date "1998.07.11"]
[Round "4.5"]
[White "Zeindl, Stefan"]
[Black "Jahrer, Michael"]
[Result "1/2-1/2"]
[WhiteElo "1979"]
[BlackElo "1928"]
[PlyCount "64"]
[EventDate "1998.07.08"]

{4/(5)} 1. e4 c6 2. c4 d5 3. exd5 cxd5 4. cxd5 Nf6 5. Bb5+ Bd7 6. Bc4 b5 7. Bb3
Bf5 8. Nf3 Nxd5 9. Qe2 a6 10. Bxd5 Qxd5 11. Nc3 Qd8 12. Ne5 12... f6 {} 13.
Qf3 fxe5 14. Qxa8 Bd3 15. Qd5 Qxd5 16. Nxd5 e6 17. Ne3 Bc5 18. a4 b4 19. b3 Bd4
20. Ra2 Bb1 21. Rb2 Bxb2 22. Bxb2 Nc6 23. Nc4 Bc2 24. Nxe5 Nxe5 25. Bxe5 Kd7
26. Ke2 Bxb3 27. Rb1 Bxa4 28. Rxb4 Bb5+ 29. Ke3 Rg8 30. Rd4+ Ke7 31. Rd6 g6 32.
Rb6 Rd8 1/2-1/2

[Event "5th Karl Wagner mem (B)"]
[Site "Graz"]
[Date "1998.07.11"]
[Round "4.6"]
[White "Gallob, Boris"]
[Black "Enoeckl, Philipp"]
[Result "1/2-1/2"]
[WhiteElo "1882"]
[BlackElo "1995"]
[PlyCount "32"]
[EventDate "1998.07.08"]

{4/(6)} 1. c4 Nf6 2. Nc3 g6 3. g3 Bg7 4. Bg2 O-O 5. Nf3 d6 6. O-O Nbd7 7. Rb1
a5 8. a3 c6 9. b4 axb4 10. axb4 e5 11. Bb2 Nb6 12. d3 Be6 13. Ra1 Qc7 14. Na4
e4 15. Nd4 Bd7 16. Nc3 exd3 1/2-1/2

[Event "5th Karl Wagner mem (B)"]
[Site "Graz"]
[Date "1998.07.11"]
[Round "4.7"]
[White "Zuchart, Manfred"]
[Black "Hoegenwarth, Helmut"]
[Result "0-1"]
[WhiteElo "1872"]
[BlackElo "1990"]
[PlyCount "87"]
[EventDate "1998.07.08"]

{4/(7)} 1. e4 e5 2. Nf3 Nc6 3. Bb5 d6 4. O-O Nf6 5. Nc3 Bd7 6. d3 Be7 7. Ne1 a6
8. Bxc6 bxc6 9. f4 exf4 10. Bxf4 O-O 11. Nf3 Bg4 12. Qd2 Nh5 13. e5 Nxf4 14.
Qxf4 Bd7 15. Rae1 d5 16. d4 Be6 17. Na4 h6 18. Nc5 Qc8 19. b4 a5 20. a3 axb4
21. axb4 Bg4 22. Ra1 Rb8 23. c3 Bxf3 24. Qxf3 Bxc5 25. bxc5 Qd7 26. Rfb1 Rxb1+
27. Rxb1 f6 28. exf6 Rxf6 29. Rb8+ Kh7 30. Qd3+ g6 31. Qe2 Re6 32. Qf2 Qe7 33.
Rb1 Re2 34. Qf1 Kg7 35. h3 Qe3+ 36. Kh2 h5 37. Rb7 Rf2 38. Rxc7+ 38... Kh6 {}
39. Qxf2 Qxf2 40. Rxc6 Qf4+ 41. Kg1 Qc1+ 42. Kh2 Qxc3 43. Rd6 Qxd4 44. c6 0-1

[Event "5th Karl Wagner mem (B)"]
[Site "Graz"]
[Date "1998.07.11"]
[Round "4.8"]
[White "Rass, Ewald"]
[Black "Hadl, Johann"]
[Result "1-0"]
[WhiteElo "1867"]
[BlackElo "1965"]
[PlyCount "101"]
[EventDate "1998.07.08"]

{4/(8)} 1. d4 Nf6 2. c4 c5 3. d5 e6 4. Nc3 exd5 5. cxd5 d6 6. e4 g6 7. Nf3 Bg7
8. Bd3 O-O 9. O-O a6 10. a4 Qc7 11. h3 Nbd7 12. Nd2 Ne5 13. Be2 g5 14. f4 gxf4
15. Rxf4 Ng6 16. Rf1 Rb8 17. a5 Re8 18. Bd3 Nd7 19. Nc4 Nde5 20. Nb6 Qe7 21.
Bc2 Qh4 22. Nxc8 Rbxc8 23. Qe2 Re7 24. Rf5 Rec7 25. Bg5 Qg3 26. Ra3 26... Nh4 {
} 27. Nd1 Nxf5 28. Rxg3 Nxg3 29. Qf2 Nh5 30. Qh4 h6 31. Qxh5 hxg5 32. Qxg5 Kh7
33. Ne3 Bh6 34. Qh5 Rg8 35. Nf5 Rg6 36. g4 Rc8 37. Kh1 f6 38. Ne7 Rg5 39. Qh4
Re8 40. Nf5 Rg6 41. Nxd6 Re7 42. Nf5 Rd7 43. Qf2 Bf8 44. Nh4 Rh6 45. Kg2 Kg8
46. Nf5 Rg6 47. Ba4 Rh7 48. d6 Nd7 49. Bxd7 Rxd7 50. Qxc5 Rg5 51. Qc8 1-0

[Event "5th Karl Wagner mem (B)"]
[Site "Graz"]
[Date "1998.07.11"]
[Round "4.9"]
[White "Maric, Iwan"]
[Black "Kerschenbauer, Franz"]
[Result "0-1"]
[WhiteElo "1963"]
[BlackElo "1915"]
[PlyCount "80"]
[EventDate "1998.07.08"]

{4/(9)} 1. d4 g6 2. e4 Bg7 3. f4 d6 4. Nf3 Nd7 5. Bc4 Nh6 6. O-O c5 7. d5 a6 8.
a4 b6 9. c3 f6 10. Na3 O-O 11. Qe2 Kh8 12. Bd2 Nf7 13. Rae1 Rg8 14. Nc2 h6 15.
Nh4 Kh7 16. Bd3 Nf8 17. b3 Bb7 18. c4 Bc8 19. Qf2 Bd7 20. Qg3 Bh8 21. Bc3 Qe8
22. Nf3 f5 23. Bxh8 Kxh8 24. e5 e6 25. Ne3 g5 26. exd6 gxf4 27. Qxf4 {} 27...
Ng6 28. Qg3 Nge5 29. Qh4 Nxd3 30. Qf6+ Kh7 31. Nxf5 Nxe1 32. Rxe1 Rg6 33. Qh4
Qg8 34. Ng3 Re8 35. Qe4 exd5 36. Qxd5 Rxe1+ 37. Nxe1 Rxd6 38. Qe4+ Qg6 39. Qe7
Qe6 40. Qxe6 Rxe6 0-1

[Event "5th Karl Wagner mem (B)"]
[Site "Graz"]
[Date "1998.07.11"]
[Round "4.10"]
[White "Sulzbacher, Michael"]
[Black "Koeck, Franz"]
[Result "0-1"]
[WhiteElo "1960"]
[BlackElo "1907"]
[PlyCount "84"]
[EventDate "1998.07.08"]

{4/(10)} 1. f4 d5 2. b3 Nf6 3. Bb2 e6 4. Nf3 Bd6 5. e3 c5 6. Ne5 Qc7 7. Bb5+
Bd7 8. Bxd7+ Nbxd7 9. Nxd7 Qxd7 10. O-O Qc6 11. d3 b5 12. Qf3 Rc8 13. Nd2 Be7
14. c4 a5 15. Rac1 O-O 16. f5 Qd7 17. cxb5 Qxb5 18. e4 exf5 19. exd5 Rcd8 20.
Bxf6 Bxf6 21. Nc4 a4 22. Rb1 g6 23. g3 Rfe8 24. Kg2 Bd4 25. g4 Qd7 26. gxf5
Qxd5 27. Qxd5 Rxd5 28. bxa4 Re2+ 29. Kh3 Rxa2 30. Rbd1 h5 31. fxg6 fxg6 32.
Rde1 Bf2 33. Rd1 Bd4 34. Rde1 Rd7 35. Re8+ Kg7 36. Rff8 36... Bf6 {} 37. Rxf6
Rxd3+ 38. Kh4 Kxf6 39. Rf8+ Kg7 40. Rf7+ Kxf7 41. Ne5+ Kf6 42. Nxd3 Rxa4+ 0-1